Vector mechanics for engineers (Record no. 7750)

000 -LEADER
fixed length control field 00543nam a22002057a 4500
001 - CONTROL NUMBER
control field 7750
003 - CONTROL NUMBER IDENTIFIER
control field BD-DhUET
008 - FIXED-LENGTH DATA ELEMENTS--GENERAL INFORMATION
fixed length control field 141211b xxu||||| |||| 00| 0 eng d
020 ## - INTERNATIONAL STANDARD BOOK NUMBER
International Standard Book Number 0 07 004277 2
040 ## - CATALOGING SOURCE
Transcribing agency 0
Modifying agency BD-DhUET
082 ## - DEWEY DECIMAL CLASSIFICATION NUMBER
Classification number 531.01
Item number BEE/1977
100 ## - MAIN ENTRY--PERSONAL NAME
Personal name Beer, Ferdinand P.
245 ## - TITLE STATEMENT
Title Vector mechanics for engineers
Remainder of title statics and dynamics
250 ## - EDITION STATEMENT
Edition statement 1st ed.
260 ## - PUBLICATION, DISTRIBUTION, ETC. (IMPRINT)
Place of publication, distribution, etc. New York
Name of publisher, distributor, etc. McGraw-Hill
Date of publication, distribution, etc. 1962
300 ## - PHYSICAL DESCRIPTION
Extent xviii,781 p.
Other physical details ill.
650 #0 - SUBJECT ADDED ENTRY--TOPICAL TERM
Topical term or geographic name as entry element Vector analysis: mechanics
700 ## - ADDED ENTRY--PERSONAL NAME
Personal name Johnston, Russell E.
942 ## - ADDED ENTRY ELEMENTS (KOHA)
Koha item type General Book
Holdings
Koha date last borrowed Shelving location Copy number Not for loan Koha full call number Lost status Source of classification or shelving scheme Damaged status Date acquired Koha issues (times borrowed) Piece designation (barcode) Koha normalized classification for sorting Withdrawn status Koha item type Location (home branch) Koha date last seen Price effective from Sublocation or collection (holding branch)
 Circulation section1 531.01/BEE/1977   2014-12-11 85135531_010000000000000_BEE_1977 Contented Book Central Library, BUET2014-12-112014-12-11Central Library, BUET
2025-12-14Circulation section2 531.01/BEE/1977   2015-03-22476668531_010000000000000_BEE_1977 General BookCentral Library, BUET2026-01-052015-03-22Central Library, BUET